[Event "14th Dubai Open 2012"]
[Site "Dubai UAE"]
[Date "2012.04.19"]
[Round "5.12"]
[White "Akshayraj, Kore"]
[Black "Zhou, Weiqi"]
[Result "0-1"]
[WhiteTitle "IM"]
[BlackTitle "GM"]
[WhiteElo "2422"]
[BlackElo "2628"]
[WhiteFideId "5012414"]
[BlackFideId "8601674"]
[EventDate "2012.04.15"]

1. d4 f5 2. e3 Nf6 3. Bd3 d6 4. Qf3 g6 5. h4 e5 6. dxe5 dxe5 7. Bc4 Nc6 8. Nc3
Bd6 9. Bd2 Qe7 10. O-O-O Be6 11. Nd5 e4 12. Nxe7 exf3 13. Bxe6 Kxe7 14. Bb3 fxg2
15. Rh3 Ng4 16. Be1 Bh2 17. f3 Bxg1 18. fxg4 fxg4 19. Rg3 Rhd8 20. Bd2 Bf2 21.
Rxg2 g3 22. e4 Nd4 23. Bg5+ Ke8 24. Rd3 Rd7 25. Bc4 c6 26. a4 Rc8 27. c3 Nb3+
28. Kc2 Rxd3 29. Bxd3 Nc5 30. Bf4 Rd8 31. Be2 Nxe4 32. Bf3 Nc5 33. Bxg3 Bxg3 34.
Rxg3 Nxa4 35. h5 Rd6 36. Rg5 Nb6 37. b4 a6 38. Be4 Kf7 39. Kb3 Nd7 40. Ka4 gxh5
41. Bc2 Rh6 42. Rf5+ Ke7 43. Bb3 h4 44. Rf7+ Ke8 45. Rf2 h3 46. Rh2 Ne5 47. Bd1
Kd8 48. Be2 Kc7 49. Ka5 Rh4 50. Bf1 h5 51. Rxh3 Rxh3 52. Bxh3 h4 0-1

[Event "14th Dubai Open 2012"]
[Site "Dubai UAE"]
[Date "2012.04.19"]
[Round "5.14"]
[White "Amin, Bassem"]
[Black "Al Qudaimi, Basheer"]
[Result "1-0"]
[WhiteTitle "GM"]
[BlackTitle "IM"]
[WhiteElo "2608"]
[BlackElo "2395"]
[WhiteFideId "10601457"]
[BlackFideId "9400346"]
[EventDate "2012.04.15"]

1. e4 c5 2. Nf3 d6 3. d4 cxd4 4. Nxd4 Nf6 5. Nc3 a6 6. Bc4 e6 7. Bb3 Be7 8. g4
Nc6 9. g5 Nxd4 10. Qxd4 Nh5 11. Rg1 Qa5 12. Be3 O-O 13. O-O-O g6 14. f4 Ng7 15.
Kb1 Bd7 16. Qd2 Qd8 17. Bd4 Re8 18. f5 exf5 19. Nd5 Be6 20. Nf6+ Bxf6 21. gxf6
Bxb3 22. axb3 Ne6 23. Qh6 Qa5 24. Rg3 1-0

[Event "14th Dubai Open 2012"]
[Site "Dubai UAE"]
[Date "2012.04.19"]
[Round "5.16"]
[White "Kravtsiv, Martyn"]
[Black "Ahmadinia, Ebrahim"]
[Result "1/2-1/2"]
[WhiteTitle "GM"]
[BlackTitle "IM"]
[WhiteElo "2588"]
[BlackElo "2379"]
[WhiteFideId "14113147"]
[BlackFideId "12501891"]
[EventDate "2012.04.15"]

1. e4 e5 2. Nf3 Nc6 3. Bb5 a6 4. Ba4 d6 5. c4 Bg4 6. h3 Bxf3 7. Qxf3 Nf6 8. Nc3
Nd7 9. Ne2 Be7 10. O-O O-O 11. Bxc6 bxc6 12. d4 exd4 13. Nxd4 Ne5 14. Qe2 c5 15.
Nf5 Bf6 16. Ne3 Nc6 17. Nd5 Bd4 18. Be3 Rb8 19. Rab1 Re8 20. Bxd4 Nxd4 21. Qd3
a5 22. f4 Rb7 23. f5 c6 24. Nc3 Qg5 25. Rf2 Rbe7 26. Rbf1 g6 27. Rf4 gxf5 28.
Kh1 Kh8 29. exf5 Re1 30. Re4 Rg8 31. Rg4 Qe3 32. Qxe3 Rxe3 33. Re4 Re8 34. Rff4
R8xe4 35. Rxe4 Nxf5 36. Kg1 d5 37. Rf4 Re5 38. Kf2 Nd6 39. Rf6 Re6 40. Rxe6 fxe6
41. b3 Kg7 42. Na4 Ne4+ 43. Ke3 Kf6 44. Nb2 Nc3 45. Nd3 dxc4 46. bxc4 Nxa2 47.
Nxc5 Ke5 48. g4 Nb4 49. h4 Nc2+ 50. Kd2 Nd4 51. Ke3 Nc2+ 52. Kd2 Na3 53. Kc3 Kf4
54. g5 e5 55. Ne6+ Kg4 56. Nf8 Kxh4 57. Nxh7 Kh5 58. Kb3 Nb5 59. cxb5 cxb5 60.
Nf6+ Kxg5 61. Ne4+ Kf4 62. Nd6 e4 63. Nxb5 e3 64. Nc3 1/2-1/2

[Event "14th Dubai Open 2012"]
[Site "Dubai UAE"]
[Date "2012.04.19"]
[Round "5.17"]
[White "Vishnu Prasanna, V"]
[Black "Ghaem Maghami, Ehsan"]
[Result "1/2-1/2"]
[WhiteTitle "IM"]
[BlackTitle "GM"]
[WhiteElo "2406"]
[BlackElo "2581"]
[WhiteFideId "5030692"]
[BlackFideId "12500739"]
[EventDate "2012.04.15"]

1. c4 Nf6 2. g3 c6 3. Nf3 d5 4. Bg2 Bg4 5. Ne5 Be6 6. cxd5 Bxd5 7. Nf3 c5 8. Nc3
Bc6 9. O-O e6 10. d3 Be7 11. e4 O-O 12. Qe2 b5 13. a4 b4 14. Nb1 Bb7 15. Nbd2
Ba6 16. Nc4 Nc6 17. e5 Nd5 18. Qe4 b3 19. Qg4 Kh8 20. Ng5 Nd4 21. Qh5 Bxg5 22.
Bxg5 Qd7 23. Be4 f5 24. exf6 gxf6 25. Bh6 Qf7 26. Qh4 Rfd8 27. Rae1 Rab8 28. f4
Ne7 29. g4 Bxc4 30. dxc4 Ng8 31. Kh1 1/2-1/2

[Event "14th Dubai Open 2012"]
[Site "Dubai UAE"]
[Date "2012.04.19"]
[Round "5.18"]
[White "Gopal, G.N."]
[Black "Ghader Pour, Shayesteh"]
[Result "1-0"]
[WhiteTitle "GM"]
[BlackTitle "WIM"]
[WhiteElo "2572"]
[BlackElo "2248"]
[WhiteFideId "5015693"]
[BlackFideId "12500747"]
[EventDate "2012.04.15"]

1. e4 e5 2. Nf3 Nc6 3. Bb5 a6 4. Ba4 Nf6 5. O-O Be7 6. d3 d6 7. c3 O-O 8. Nbd2
Bd7 9. Re1 Re8 10. Nf1 h6 11. h3 Bf8 12. Ng3 Ne7 13. Bc2 Ng6 14. d4 c5 15. d5
Nf4 16. a4 g6 17. a5 N6h5 18. Nxh5 Nxh5 19. Be3 Qf6 20. Ba4 Bxa4 21. Rxa4 Nf4
22. Kh2 Bg7 23. Rf1 Rac8 24. Nd2 Qe7 25. Nc4 Rf8 26. Re1 Nh5 27. b4 cxb4 28.
Rxb4 Nf6 29. Qd3 Ne8 30. Reb1 Rc7 31. Bb6 Rd7 32. Ne3 Qg5 33. Ba7 f5 34. Rxb7
fxe4 35. Qxa6 Rxb7 36. Qxb7 Qf4+ 37. Kh1 Qxf2 38. a6 Nf6 39. Ng4 Qg3 40. Nxf6+
Bxf6 41. Bg1 e3 42. a7 e2 43. a8=Q h5 44. Qaa7 1-0

[Event "14th Dubai Open 2012"]
[Site "Dubai UAE"]
[Date "2012.04.19"]
[Round "5.20"]
[White "Labib, Ibrahim Hasan"]
[Black "Grigoryan, Avetik"]
[Result "0-1"]
[WhiteTitle "IM"]
[BlackTitle "GM"]
[WhiteElo "2404"]
[BlackElo "2600"]
[WhiteFideId "10600426"]
[BlackFideId "13302191"]
[EventDate "2012.04.15"]

1. e4 e6 2. d4 d5 3. Nc3 Nf6 4. Bg5 Bb4 5. e5 h6 6. Bd2 Bxc3 7. bxc3 Ne4 8. Bd3
Nxd2 9. Qxd2 c5 10. Nf3 Qa5 11. dxc5 Qxc5 12. O-O Nc6 13. Rab1 b6 14. Bb5 Bd7
15. Bxc6 Qxc6 16. Nd4 Qc4 17. Rfe1 Qxa2 18. h4 O-O 19. Rb4 f5 20. Nb3 Qa6 21. g4
Qc8 22. Rf4 fxg4 23. Rxg4 Kh8 24. Nd4 Be8 25. f4 a5 26. Kh2 Ra7 27. Reg1 Bh5 28.
R4g3 Raf7 29. f5 exf5 30. Qf4 Bg4 31. e6 Qc7 32. Qxc7 Rxc7 33. Re3 Kg8 34. Rge1
f4 35. Re5 Rxc3 36. e7 Re8 37. Rxd5 Re3 38. Rxe3 fxe3 39. Re5 Kf7 40. Kg3 Bc8
41. Nb5 Kf6 42. Nd6 Kxe5 43. Nxe8 Bd7 44. Nc7 a4 45. Na6 Kd4 46. Nb4 Kc3 47.
Nd5+ Kd2 48. Nxb6 e2 49. Nc4+ Kc3 0-1

[Event "14th Dubai Open 2012"]
[Site "Dubai UAE"]
[Date "2012.04.19"]
[Round "5.21"]
[White "Kovchan, Alexander"]
[Black "Semiev, Suhrab"]
[Result "1-0"]
[WhiteTitle "GM"]
[BlackTitle "IM"]
[WhiteElo "2598"]
[BlackElo "2376"]
[WhiteFideId "14103052"]
[BlackFideId "14000865"]
[EventDate "2012.04.15"]

1. e4 d6 2. d4 Nf6 3. Nc3 g6 4. f4 Bg7 5. Nf3 c5 6. Bb5+ Bd7 7. e5 Ng4 8. Bxd7+
Qxd7 9. d5 dxe5 10. h3 e4 11. hxg4 exf3 12. Qxf3 Na6 13. Bd2 O-O-O 14. O-O-O Nc7
15. Be1 Bd4 16. Bf2 Bxc3 17. Qxc3 b6 18. Qf3 Qb5 19. f5 c4 20. Bd4 f6 21. fxg6
hxg6 22. Rxh8 Rxh8 23. d6 exd6 24. Bxf6 Re8 25. Rxd6 Re1+ 26. Rd1 Rxd1+ 27. Kxd1
Qd7+ 28. Ke2 Qa4 29. Qe4 Qb5 30. Qxg6 c3+ 31. Qd3 Qe8+ 32. Kf2 cxb2 33. Bxb2 Qa4
34. Qf5+ Kb7 35. a3 Qc4 36. g5 Nd5 37. Kg3 Qc5 38. Qe4 Qd6+ 39. Be5 Qxa3+ 40.
Kh2 1-0

[Event "14th Dubai Open 2012"]
[Site "Dubai UAE"]
[Date "2012.04.19"]
[Round "5.24"]
[White "Mohannad, Farhan"]
[Black "Lalith, Babu M.R."]
[Result "0-1"]
[WhiteTitle "FM"]
[BlackTitle "IM"]
[WhiteElo "2286"]
[BlackElo "2532"]
[WhiteFideId "8100918"]
[BlackFideId "5024595"]
[EventDate "2012.04.15"]

1. d4 g6 2. e4 Bg7 3. c4 d6 4. Nc3 Nd7 5. Bg5 h6 6. Bh4 c5 7. d5 a6 8. Nf3 Qa5
9. Be2 b5 10. O-O Rb8 11. cxb5 axb5 12. a4 b4 13. Nb5 Bxb2 14. Rb1 Bg7 15. Nd2
Nb6 16. Qb3 Qxa4 17. Qg3 Nd7 18. Bxe7 Nxe7 19. Nxd6+ Kf8 20. N2c4 Qa7 21. e5
Nxd5 22. Bf3 N7b6 23. e6 Bxe6 24. Nb5 Qb7 25. Ncd6 Qd7 26. Ra1 Bxa1 27. Rxa1 Kg7
28. Ra7 Qd8 29. Nxf7 Bxf7 30. Nd6 Rf8 31. Bxd5 Nxd5 32. Qe5+ Qf6 33. Nxf7 Qxe5
34. Nxe5+ Kg8 0-1

[Event "14th Dubai Open 2012"]
[Site "Dubai UAE"]
[Date "2012.04.19"]
[Round "5.26"]
[White "Antonio, Viani D'cunha"]
[Black "Grigoryan, Karen H."]
[Result "1/2-1/2"]
[BlackTitle "IM"]
[WhiteElo "2253"]
[BlackElo "2510"]
[WhiteFideId "5027330"]
[BlackFideId "13301004"]
[EventDate "2012.04.15"]

1. e4 c5 2. Nf3 d6 3. d4 cxd4 4. Nxd4 Nf6 5. Nc3 Nc6 6. Bc4 Qb6 7. Nb3 e6 8. O-O
Be7 9. a4 O-O 10. a5 Qc7 11. Re1 Rd8 12. Bf4 Ne5 13. Bf1 Bd7 14. a6 Be8 15. Nd4
bxa6 16. Rxa6 Qb7 17. Qa1 Ng6 18. Be3 Ng4 19. Bd2 d5 20. exd5 Bc5 21. h3 Bxd4
22. hxg4 exd5 23. Nd1 Bc5 24. Ne3 d4 25. Nf5 Bc6 26. b4 Bb6 27. c4 Qd7 28. c5
Bc7 29. Nxd4 Qxg4 30. Rxc6 Rxd4 31. Rxc7 Rd7 32. Rxa7 Rad8 33. Ra8 Qxb4 34. Re8+
Rxe8 35. Rxe8+ Nf8 36. Qe5 Qb7 37. Rb8 Qa7 38. Rc8 1/2-1/2

[Event "14th Dubai Open 2012"]
[Site "Dubai UAE"]
[Date "2012.04.21"]
[Round "6.7"]
[White "Sandipan, Chanda"]
[Black "Ganguly, Surya Shekhar"]
[Result "1-0"]
[WhiteTitle "GM"]
[BlackTitle "GM"]
[WhiteElo "2595"]
[BlackElo "2633"]
[WhiteFideId "5004225"]
[BlackFideId "5002150"]
[EventDate "2012.04.15"]

1. d4 e6 2. Nf3 Nf6 3. e3 d5 4. Bd3 c5 5. b3 Nc6 6. O-O Bd6 7. Bb2 O-O 8. Nbd2
b6 9. a3 Bb7 10. Qe2 Rc8 11. Ne5 Ne7 12. f4 Ne4 13. Nxe4 dxe4 14. Bc4 cxd4 15.
exd4 Nf5 16. a4 Bxe5 17. dxe5 Qc7 18. Ba3 Rfd8 19. Rad1 h6 20. c3 a6 21. Bb4 Qc6
22. Rxd8+ Rxd8 23. Rd1 Rxd1+ 24. Qxd1 e3 25. Qc2 Nh4 26. Bf1 Qd5 27. Qd3 a5 28.
Qxd5 Bxd5 29. Be7 Ng6 30. Bd8 Nxf4 31. Bb5 Bxb3 32. Bxb6 Ng6 33. Bxa5 Nxe5 34.
Bb6 Nc4 35. a5 f5 36. Bc7 Na3 37. Be2 Bd5 38. a6 Nc4 39. Bf3 1-0

[Event "14th Dubai Open 2012"]
[Site "Dubai UAE"]
[Date "2012.04.21"]
[Round "6.8"]
[White "Zhou, Weiqi"]
[Black "Miezis, Normunds"]
[Result "0-1"]
[WhiteTitle "GM"]
[BlackTitle "GM"]
[WhiteElo "2628"]
[BlackElo "2557"]
[WhiteFideId "8601674"]
[BlackFideId "11600136"]
[EventDate "2012.04.15"]

1. Nf3 c5 2. c4 Nf6 3. Nc3 Nc6 4. g3 e5 5. d3 h6 6. Bg2 g6 7. Bd2 Bg7 8. Qc1 d6
9. O-O Rb8 10. Rb1 Be6 11. a3 Qd7 12. b4 Bh3 13. e4 Bxg2 14. Kxg2 b6 15. Nd5 Rc8
16. b5 Ne7 17. Nxf6+ Bxf6 18. Bc3 Bg7 19. Nd2 O-O 20. f4 f5 21. Qb2 Rf7 22. fxe5
dxe5 23. Rf3 Qe6 24. Re1 Rd8 25. exf5 Rxf5 26. Rxf5 Nxf5 27. Bxe5 Rxd3 28. Nf1
Rd7 29. g4 Nh4+ 0-1

[Event "14th Dubai Open 2012"]
[Site "Dubai UAE"]
[Date "2012.04.21"]
[Round "6.11"]
[White "Shyam, Sundar M."]
[Black "Volkov, Sergey"]
[Result "0-1"]
[WhiteTitle "IM"]
[BlackTitle "GM"]
[WhiteElo "2474"]
[BlackElo "2623"]
[WhiteFideId "5019141"]
[BlackFideId "4122763"]
[EventDate "2012.04.15"]

1. e4 e6 2. d4 d5 3. Nd2 Nf6 4. e5 Nfd7 5. Bd3 c5 6. c3 Nc6 7. Ngf3 g6 8. h4 Be7
9. Qe2 h6 10. Nf1 cxd4 11. cxd4 Nb4 12. Bb1 b6 13. a3 Ba6 14. Qd1 Nc6 15. Bf4
Na5 16. Ne3 Rc8 17. Ng4 h5 18. Nh6 Qc7 19. Ng5 Bxg5 20. hxg5 Qc4 21. Be3 Qb3 22.
Qxb3 Nxb3 23. Ra2 Nxd4 24. b4 Bc4 25. Rb2 Nb5 26. a4 d4 27. Bf4 Nc3 28. Kd2 Nxa4
29. Rc2 Ke7 30. Rcc1 Nc3 31. Rh3 Bd5 32. f3 a5 33. bxa5 bxa5 34. Bc2 a4 35. Ra1
Bb3 0-1

[Event "14th Dubai Open 2012"]
[Site "Dubai UAE"]
[Date "2012.04.21"]
[Round "6.12"]
[White "Andriasian, Zaven"]
[Black "Harutjunyan, Gevorg"]
[Result "1-0"]
[WhiteTitle "GM"]
[BlackTitle "GM"]
[WhiteElo "2616"]
[BlackElo "2455"]
[WhiteFideId "13302000"]
[BlackFideId "13300873"]
[EventDate "2012.04.15"]

1. c4 Nf6 2. Nc3 g6 3. g3 Bg7 4. Bg2 O-O 5. e4 c5 6. Nge2 Nc6 7. O-O d6 8. d3 a6
9. h3 Ne8 10. f4 f5 11. Be3 Nd4 12. Rb1 Ra7 13. b4 b6 14. a4 Bb7 15. a5 bxa5 16.
bxc5 dxc5 17. Na4 Qc8 18. Rxb7 Rxb7 19. e5 Rb4 20. Nxc5 Nxe2+ 21. Qxe2 Nc7 22.
d4 e6 23. d5 exd5 24. cxd5 Nb5 25. d6 a4 26. Qd2 a5 27. d7 Qb8 28. Na6 1-0

[Event "14th Dubai Open 2012"]
[Site "Dubai UAE"]
[Date "2012.04.21"]
[Round "6.13"]
[White "Grigoryan, Avetik"]
[Black "Mahjoob, Morteza"]
[Result "1/2-1/2"]
[WhiteTitle "GM"]
[BlackTitle "GM"]
[WhiteElo "2600"]
[BlackElo "2455"]
[WhiteFideId "13302191"]
[BlackFideId "12500798"]
[EventDate "2012.04.15"]

1. d4 Nf6 2. Nf3 e6 3. g3 c5 4. Bg2 b5 5. O-O Bb7 6. a4 b4 7. c3 cxd4 8. cxd4 a5
9. Bg5 Be7 10. Nbd2 O-O 11. Nb3 d6 12. Bxf6 Bxf6 13. Qc2 Qb6 14. Nfd2 Bxg2 15.
Kxg2 Bxd4 16. Qe4 Nc6 17. Nc4 Qa6 18. Nxd6 Rad8 19. Nb5 Bxb2 20. Rab1 Bf6 21.
Rbc1 Ne7 22. Rc7 Nd5 23. Ra7 Qb6 24. Qf3 Rc8 25. Rxa5 Rc2 26. Ra7 Rc3 27. Nxc3
bxc3 28. e4 Qxa7 29. exd5 Qxa4 30. Nc1 exd5 31. Qxd5 g6 32. Qf3 Qa8 33. Nd3 Kg7
34. Qxa8 Rxa8 35. Kf3 Bg5 36. h4 Bd2 37. Ke2 Re8+ 38. Kd1 h5 39. Kc2 Ra8 40. Rb1
Ra2+ 41. Kb3 Ra5 42. Kc2 Kf6 43. Rb7 Ke6 44. Rc7 f6 45. Rc6+ Kf5 46. f3 Ra2+ 47.
Kb3 Ra1 48. Nc5 Be3 49. Ne4 Bd4 50. Kc2 Be5 51. Kd3 Re1 52. Rc8 Rxe4 53. fxe4+
Kg4 54. Rg8 g5 55. hxg5 fxg5 56. Re8 Bxg3 57. e5 h4 58. e6 h3 59. Rd8 h2 60. e7
h1=Q 61. e8=Q Qd1+ 62. Kc4 c2 63. Qe6+ Kf3 64. Rd3+ Kf2 65. Qf6+ Bf4 66. Qd4+
Ke2 67. Qe4+ Kf2 68. Qd4+ Ke2 69. Qe4+ 1/2-1/2

[Event "14th Dubai Open 2012"]
[Site "Dubai UAE"]
[Date "2012.04.21"]
[Round "6.14"]
[White "Nitin, S."]
[Black "Kovchan, Alexander"]
[Result "1-0"]
[WhiteTitle "IM"]
[BlackTitle "GM"]
[WhiteElo "2420"]
[BlackElo "2598"]
[WhiteFideId "5018277"]
[BlackFideId "14103052"]
[EventDate "2012.04.15"]

1. e4 c5 2. Nf3 d6 3. d4 cxd4 4. Nxd4 Nf6 5. Nc3 a6 6. Qf3 Nc6 7. Nxc6 bxc6 8.
e5 dxe5 9. Qxc6+ Bd7 10. Qb7 e6 11. Bxa6 Rb8 12. Qf3 Qa5 13. Bc4 Bb4 14. Bd2 Nd5
15. Qg3 Bxc3 16. bxc3 Ne7 17. O-O Nf5 18. Qg4 Qa4 19. Qe2 O-O 20. Bb3 Qa5 21.
Rfe1 f6 22. Qd3 Qc7 23. a4 Kh8 24. Qh3 Rfd8 25. Bc1 Ra8 26. Ba3 Bxa4 27. Bxe6
Bxc2 28. Rec1 Ne7 29. Qf3 Bg6 30. h4 e4 31. Qe2 Nd5 32. Bxd5 Rxd5 33. Bb4 Rxa1
34. Rxa1 h5 35. Rd1 Rd3 36. Ra1 Qf4 37. g3 Qf5 38. Ra5 Qd7 39. c4 Rd1+ 40. Kh2
Rb1 41. Rd5 Qc6 42. Bc3 Bf7 43. Qxe4 Bxd5 44. cxd5 Qb5 45. Qg6 Rb3 46. Qxh5+ Kg8
47. Bd4 Rd3 48. Qe2 Qb3 49. Qe8+ Kh7 50. Qh5+ Kg8 51. Qe8+ Kh7 52. Qe4+ Kg8 53.
h5 Kf8 54. Bc5+ Kg8 55. Qe8+ Kh7 56. Qg6+ Kh8 57. Bf8 1-0

[Event "14th Dubai Open 2012"]
[Site "Dubai UAE"]
[Date "2012.04.21"]
[Round "6.16"]
[White "Ghaem Maghami, Ehsan"]
[Black "Ezat, Mohamed"]
[Result "0-1"]
[WhiteTitle "GM"]
[BlackTitle "IM"]
[WhiteElo "2581"]
[BlackElo "2441"]
[WhiteFideId "12500739"]
[BlackFideId "10600906"]
[EventDate "2012.04.15"]

1. d4 Nf6 2. c4 g6 3. g3 Bg7 4. Bg2 O-O 5. Nf3 d5 6. cxd5 Nxd5 7. O-O Nc6 8. Nc3
Nb6 9. e3 e5 10. d5 Na5 11. e4 c6 12. Bg5 f6 13. Be3 cxd5 14. exd5 Nac4 15. Bc5
Nd6 16. Nd2 f5 17. a4 Rf6 18. Bxd6 Qxd6 19. a5 Nd7 20. Nc4 Qc5 21. d6 e4 22. Qb3
Nf8 23. Rfd1 Be6 24. Qxb7 Re8 25. Ne3 Rf7 26. Qa6 Bxc3 27. bxc3 Rd7 28. Bf1 Red8
29. Nc4 f4 30. gxf4 Rf7 31. Ne3 Rxf4 32. Qb5 Qxc3 33. Qg5 Qf6 34. Qxf6 Rxf6 35.
Rab1 Nd7 36. Rb7 Rdf8 37. Rxa7 Rxf2 38. Bb5 Ne5 39. d7 Rb2 40. Kh1 Nf3 41. Nf1
Bh3 42. Bc4+ Kh8 43. Nd2 Nxd2 44. Be2 Rd8 45. a6 Nf3 46. Bxf3 exf3 47. Rb7 Ra2
48. a7 Rxd7 49. Rb8+ Kg7 50. Rxd7+ Bxd7 51. a8=Q Rxa8 52. Rxa8 f2 0-1

[Event "14th Dubai Open 2012"]
[Site "Dubai UAE"]
[Date "2012.04.21"]
[Round "6.18"]
[White "Baghdasaryan, Vahe"]
[Black "Arutinian, David"]
[Result "1/2-1/2"]
[BlackTitle "GM"]
[WhiteElo "2406"]
[BlackElo "2553"]
[WhiteFideId "13303139"]
[BlackFideId "13601741"]
[EventDate "2012.04.15"]

1. e4 e6 2. d4 d5 3. Nc3 Bb4 4. e5 c5 5. a3 Bxc3+ 6. bxc3 Ne7 7. a4 Qc7 8. Nf3
b6 9. Bb5+ Bd7 10. Bd3 Nbc6 11. O-O c4 12. Be2 f6 13. Ba3 Nf5 14. Qd2 h5 15. h3
O-O-O 16. Rfb1 h4 17. Qf4 Be8 18. Bc1 Na5 19. exf6 gxf6 20. Qxc7+ Kxc7 21. Bf4+
Kd7 22. Nh2 Bg6 23. Re1 Rde8 24. Ng4 Rhf8 25. Bf3 Nc6 26. Re2 Re7 27. Rae1 Nd6
28. Bc1 Bf5 29. Ba3 Bg6 30. Kh2 Ree8 31. Ne3 Rh8 32. Ng4 Rhf8 33. Ne3 Rh8 34.
Ng4 1/2-1/2

[Event "14th Dubai Open 2012"]
[Site "Dubai UAE"]
[Date "2012.04.21"]
[Round "6.19"]
[White "Lalith, Babu M.R."]
[Black "Roy Chowdhury, Saptarshi"]
[Result "1-0"]
[WhiteTitle "IM"]
[BlackTitle "IM"]
[WhiteElo "2532"]
[BlackElo "2405"]
[WhiteFideId "5024595"]
[BlackFideId "5002974"]
[EventDate "2012.04.15"]

1. Nf3 Nf6 2. c4 d6 3. d4 Nbd7 4. Nc3 e5 5. e4 Be7 6. Be2 O-O 7. O-O c6 8. Be3
Re8 9. d5 Nf8 10. Ne1 Ng6 11. Nd3 Nd7 12. Qd2 c5 13. Rab1 Nb6 14. b3 Rf8 15. f3
f5 16. exf5 Bxf5 17. Ne4 Nd7 18. b4 b6 19. bxc5 bxc5 20. Ng3 Nh4 21. Rb3 Nb6 22.
Nf2 Bg6 23. Nfe4 Nf5 24. Nxf5 Bxf5 25. Nc3 Qe8 26. Bd3 Qg6 27. Bxf5 Rxf5 28. Qe2
Bg5 29. Bxg5 Qxg5 30. a4 Qd8 31. a5 Nd7 32. Qc2 Rh5 33. Ne4 Nf6 34. g4 Rh6 35.
Ng3 Rg6 36. Qf5 Kh8 37. a6 Nd7 38. Rb7 Nb6 39. Qc2 Rf6 40. Nf5 Rg6 41. h4 Qf8
42. g5 Nxc4 43. Ne7 Ne3 44. Nxg6+ hxg6 45. Qxg6 Nxf1 46. Qh5+ 1-0

[Event "14th Dubai Open 2012"]
[Site "Dubai UAE"]
[Date "2012.04.21"]
[Round "6.20"]
[White "Ankit, R. Rajpara"]
[Black "Grover, Sahaj"]
[Result "1/2-1/2"]
[BlackTitle "IM"]
[WhiteElo "2399"]
[BlackElo "2517"]
[WhiteFideId "5023335"]
[BlackFideId "5021103"]
[EventDate "2012.04.15"]

1. e4 e5 2. Nf3 Nc6 3. Bc4 Nf6 4. d3 Bc5 5. c3 O-O 6. O-O d5 7. exd5 Nxd5 8. Re1
Bg4 9. Nbd2 Nb6 10. Bb5 Bd6 11. Ne4 Qd7 12. h3 Bxf3 13. Qxf3 f5 14. Nd2 a6 15.
Bxc6 bxc6 16. Qe2 Rae8 17. c4 a5 18. b3 e4 19. dxe4 fxe4 20. Nf1 Qf7 21. Be3 Nd7
22. Bd4 c5 23. Bc3 Kh8 24. Rad1 Be5 25. Bxe5 Nxe5 26. Qxe4 Qxf2+ 27. Kh1 h6 28.
Rd2 Qf6 29. Rde2 Re7 30. Qb1 Qg5 31. Qa1 Nc6 32. Rxe7 Nxe7 33. Qb2 Nc6 34. Qc1
Qh4 35. Ne3 Nd4 36. Nd5 c6 37. Ne7 Qg3 38. Re3 Qg5 39. Re1 Qxc1 40. Rxc1 Kh7 41.
Re1 g6 42. Re5 Kg7 43. Rxc5 Kf6 44. Nxc6 Rc8 45. Ne5 Re8 46. Ng4+ Kg7 47. Rxa5
h5 48. Ra7+ Kf8 49. Nf6 Re1+ 50. Kh2 h4 51. Nh7+ Kg8 52. Ng5 Nf5 53. Nf3 Rc1 54.
Rd7 Kf8 55. Rh7 Kg8 56. Rd7 Kf8 57. Rh7 Kg8 58. Rd7 1/2-1/2

[Event "14th Dubai Open 2012"]
[Site "Dubai UAE"]
[Date "2012.04.21"]
[Round "7.2"]
[White "Miroshnichenko, Evgenij"]
[Black "Gupta, Abhijeet"]
[Result "1/2-1/2"]
[WhiteTitle "GM"]
[BlackTitle "GM"]
[WhiteElo "2624"]
[BlackElo "2643"]
[WhiteFideId "14102595"]
[BlackFideId "5010608"]
[EventDate "2012.04.15"]

1. Nf3 Nf6 2. g3 g6 3. Bg2 Bg7 4. O-O O-O 5. c4 c6 6. Nc3 d5 7. Qb3 d4 8. Na4
Nfd7 9. d3 Na6 10. e3 Ndc5 11. Nxc5 Nxc5 12. Qa3 Ne6 13. Re1 Re8 14. Rb1 a5 15.
c5 dxe3 16. Bxe3 Nc7 17. Bf4 Nb5 18. Qb3 a4 19. Qc2 Bf5 20. Rbd1 Bg4 21. Rc1 a3
22. b4 Bf5 23. Red1 Nc3 24. Rd2 Nd5 25. Be5 f6 26. Bf4 Be6 27. Re2 Nxf4 28. gxf4
Qd7 29. Rxe6 Qxe6 30. Nd4 Qf7 31. f5 gxf5 32. b5 Rad8 33. Nxf5 Qg6 34. Qc4+ Kh8
35. Qe6 Rxd3 36. bxc6 bxc6 37. Re1 Bh6 38. Nxe7 Qg5 39. Ng6+ Qxg6 40. Qxe8+ Qxe8
41. Rxe8+ Kg7 42. Bxc6 Rd2 43. Ra8 Rxa2 44. Bd5 Ra1+ 45. Kg2 Bf4 46. c6 f5 47.
Ra4 Bd6 48. Ra7+ 1/2-1/2

[Event "14th Dubai Open 2012"]
[Site "Dubai UAE"]
[Date "2012.04.21"]
[Round "7.6"]
[White "Shyam, Nikil P."]
[Black "Petrosian, Tigran L."]
[Result "1/2-1/2"]
[WhiteTitle "IM"]
[BlackTitle "GM"]
[WhiteElo "2490"]
[BlackElo "2643"]
[WhiteFideId "5024218"]
[BlackFideId "13301616"]
[EventDate "2012.04.15"]

1. e4 e5 2. Nf3 Nc6 3. Bb5 Nf6 4. O-O Nxe4 5. d4 Nd6 6. Bxc6 dxc6 7. dxe5 Nf5 8.
Qxd8+ Kxd8 9. Nc3 Ke8 10. h3 h5 11. Rd1 Be7 12. Ne2 Bd7 13. Bg5 Rd8 14. Nf4 Bc8
15. Rxd8+ Kxd8 16. Re1 Ke8 17. c3 h4 18. e6 f6 19. Ng6 Rh5 20. Bxh4 Rh6 21. Nxe7
Kxe7 22. Bg3 Nxg3 23. fxg3 c5 24. g4 g5 25. b4 b6 26. bxc5 bxc5 27. Nd2 Rh8 28.
Nb3 Rd8 29. Nxc5 Rd6 30. Re3 Rd5 31. Nb3 c5 32. Kf2 Ba6 33. Re4 Bd3 34. Re3 Ba6
35. Ke1 Bc4 36. g3 Ba6 37. h4 Bc8 38. c4 Rd6 39. hxg5 fxg5 40. Nxc5 Rd4 41. Re4
Rxe4+ 42. Nxe4 Bxe6 43. Nxg5 Bxc4 44. a3 Kf6 45. Nf3 Be6 46. g5+ Kg6 47. Kf2 Bd5
48. g4 a5 49. Kg3 a4 50. Kf4 Bxf3 51. Kxf3 Kxg5 1/2-1/2